000 00552nam a2200181Ia 4500
008 240729s9999 xx 000 0 und d
022 _a2352-9067
245 0 _aInternational Journal of Cardiology: Heart & Vasculature
260 _aNetherlands
260 _bElsevier
650 _a Diseases of the circulatory (Cardiovascular) system
650 _a Internal medicine
650 _a Specialties of internal medicine
650 _aMedicine
856 _uhttps://doaj.org/toc/0b6915db9d864e8989b3d9f692d33124
942 _2ddc
942 _cDOAJEJ
999 _c71549
_d71549
945 _a1
_bMadushi Gamage
_c1
_dMadushi Gamage